000 00461nam a2200169Ia 4500
999 _c27247
_d27247
003 OSt
005 20201224121117.0
008 190216s9999||||xx |||||||||||||| ||und||
040 _coclc
082 _a910
_bPOT/E
100 _aPottekkat, S K
_92068
245 0 _aEuropiloode /
_cS K Pottekkat
260 _bPoorna Publication,
_aKozhikode:
300 _a227p
650 _aYathra Vivaranam
942 _cBK
_2ddc
_h910
_iPOT/E
_k910
_mPOT/E